01447njm a2200265Ia 4500001000600000003000900006005001700015008004100032040001300073040001300086100001800099100001800117100003800135245001800173250001100191260001100202260003800213300001700251300003000268500018500298505051700483511006701000650005201067700006201119H0254IT-RoPAU20220918181153.0131025s9999 xx 000 0 und d aIT-RoPAU cIT-RoPAU aHiggins Billy eAutore musica gCodice autore musica SPICS: 16233 aBilly's Smile a1a ed. aMILANO bHACHETTE RUSCONIc2002 [1a Ed.:0] aCOMPACT DISC c76 minuti (Testo: 0 pag.) aMusica jazz. Cd fuori commercio allegato al n. 6 2002 della rivista "Musica jazz". Nove brani tratti dal catalogo della Red Records. Vedere inserto in "Musica jazz" (Codice H0252). aPlexis (Cedar Walton, Bologna 1980, 7:28) - Three and Four For Peace (Billy Higgins, Los Angeles 1993, 8:35) - Judgement (Robert Stewart, Los Angeles 1993, 8:33) - Girl Talk (Neal Hefti, Milano 1985, 6:00) - Cedar's Blues (Cedar Walton, Bologna 1979, 12:00) - Short Subject (Harold Land, Los Angeles 1993, 7:42) - Horizon (Manfred Schoof, Bologna 1980, 8:16) - Bahia, Bahia, Bahia (Billy Higgins, Milano 1979, 10:20) - Something For Juno, Drums Solo Suite For Juno Lewis (Billy Higgins, Los Angeles 1993, 6:06).  aCedar Walton, Bob Berg, Harold Land, Robert Stewart, C. Fuller aJAZZ [COMPACT DISC]eCodice MATERIA SPICS: 9949 aHiggins BillygCodice interprete SPICS: 16233eInterprete